UM Logo

A web-based research management system for research and publication enter of UM Digos College with file encryption using aes algorithm / (Record no. 22253)

MARC details
000 -LEADER
fixed length control field 00835nam a22001937a 4500
003 - CONTROL NUMBER IDENTIFIER
control field OSt
005 - DATE AND TIME OF LATEST TRANSACTION
control field 20250211174006.0
008 - FIXED-LENGTH DATA ELEMENTS--GENERAL INFORMATION
fixed length control field 241005b |||||||| |||| 00| 0 eng d
040 ## - CATALOGING SOURCE
Transcribing agency 0
100 ## - MAIN ENTRY--PERSONAL NAME
Personal name Tumulak, Darlene B.
Relator term author.
9 (RLIN) 62350
245 ## - TITLE STATEMENT
Title A web-based research management system for research and publication enter of UM Digos College with file encryption using aes algorithm /
Statement of responsibility, etc. Darlene B. Tumulak, Efchi Y. Borinaga, Dan Michael Ladezel, and Eduard L. Pulvera.
260 ## - PUBLICATION, DISTRIBUTION, ETC. (IMPRINT)
Place of publication, distribution, etc. Philippines ;
Name of publisher, distributor, etc. University of Mindanao,
Date of publication, distribution, etc. 2022.
300 ## - PHYSICAL DESCRIPTION
Extent volume 14, pages 453-494,
Other physical details illustration.
500 ## - GENERAL NOTE
General note Research Journal, v. 14, iss. 1, pages 453-494, 2022.
700 ## - ADDED ENTRY--PERSONAL NAME
Personal name Tumulak, Darlene B.
Relator term author.
9 (RLIN) 62350
700 ## - ADDED ENTRY--PERSONAL NAME
Personal name Ladezel, Dan Michael.
Relator term author.
9 (RLIN) 64597
700 ## - ADDED ENTRY--PERSONAL NAME
Personal name Pulvera, Eduard L.
Relator term author.
9 (RLIN) 64598
942 ## - ADDED ENTRY ELEMENTS (KOHA)
Source of classification or shelving scheme Dewey Decimal Classification
Koha item type Periodicals
Holdings
Withdrawn status Lost status Source of classification or shelving scheme Damaged status Not for loan Collection code Home library Current library Date acquired Total Checkouts Date last seen Price effective from Koha item type Public note
    Dewey Decimal Classification     Periodicals UM Digos College - LIC UM Digos College - LIC 10/05/2024   10/05/2024 10/05/2024 Periodicals Periodical Article